Les sept collines de Rome - Statistiques

Statistiques générales
  • Ce quiz a été pris 28 fois
  • Le résultat moyen est 5 sur 7
Statistiques - réponses
Les 7 collines de Rome % Correct
Palatin
100%
Aventin
82%
Capitole
65%
Esquilin
59%
Quirinal
59%
Caelius
53%
Viminal
47%
Aucun quiz correspondant
Distribution des résultats
% des personnes avec chaque résultat
Percentile par nombre de réponses
Votre historique - résultats
Vous n’avez pas pris ce quiz